[Event "Tilburg Fontys"]
[Site "Tilburg"]
[Date "1998.10.25"]
[Round "3"]
[White "Kramnik, Vladimir"]
[Black "Lautier, Joel"]
[Result "1-0"]
[WhiteElo "2780"]
[BlackElo "2625"]
[Annotator "Tsesarsky,I"]
[PlyCount "47"]
[EventDate "1998.10.23"]
[EventType "tourn"]
[EventRounds "11"]
[EventCountry "NED"]
[EventCategory "18"]
[SourceTitle "EXT 1999"]
[Source "ChessBase"]
[SourceDate "1998.11.16"]
[SourceVersion "1"]
[SourceVersionDate "1998.11.16"]
[SourceQuality "1"]

{[%mdl 8324]} 1. d4 {Ftacnik} d5 2. Nf3 c6 3. c4 e6 4. Qc2 dxc4 5. Qxc4 Nf6 6.
Bg5 Be7 7. e3 O-O 8. Bd3 (8. Be2 {Ftacnik} Qa5+ 9. Nc3 Nbd7 10. O-O e5 11. Ne4
$5 exd4 12. Qxd4 Qb6 13. Rfd1 Re8 14. Rac1 h6 15. Bh4 Qxd4 16. Rxd4 Nxe4 17.
Rxe4 Kf8 (17... g5 18. Bg3 Nf6 19. Rd4 Be6 20. a3 Rad8 $11) 18. a3 Nf6 19. Re5
g5 20. Bg3 Nh5 {1/2-1/2 Ivanchuk,V-Anand,V/Las Palmas 1996/ (29)}) 8... h6 (
8... Qa5+ $5 {Ftacnik} 9. Nc3 Nbd7 10. O-O e5 $132) 9. Bxf6 (9. Bh4 $5 $14)
9... Bxf6 10. Nc3 Nd7 (10... b6 {Ftacnik} 11. Qa4 Bb7 12. Rd1 $14) 11. Rd1 Qe7
(11... Qb6 12. Rd2 e5 (12... c5 13. Na4 $16) (12... Rd8 13. O-O Be7 14. Rc1 $14
) 13. dxe5 Nxe5 14. Nxe5 Bxe5 15. Qe4 Re8 16. Qh7+ Kf8 17. O-O $16) (11... Qa5
12. O-O Rd8 13. b4 Qh5 14. Ne4 Be7 $14) 12. Bb1 e5 (12... g6 13. O-O Bg7 $11)
13. O-O (13. d5 $1 Qc5 14. Qe4 (14. Qd3 g6 15. O-O cxd5 16. Nxd5 Bg7 17. Rc1
Qd6 18. Rfd1 Nb6 19. Nc7 Qxd3 20. Bxd3 Rb8 $11) 14... g6 15. dxc6 (15. d6 Rd8
16. O-O Nf8 17. Qc2 Bf5 18. Ne4 Qxc2 19. Bxc2 Bg7 20. Nfd2 Be6 21. Bb3 Rd7 22.
Nc5 Rxd6 23. Nxb7 $14) 15... bxc6 16. O-O Rd8 17. Rd2 $14) 13... exd4 (13...
Rd8 $2 {Ftacnik} 14. dxe5 Nxe5 15. Rxd8+ Qxd8 16. Nxe5 Bxe5 17. Qe4 Qf6 18. f4
Bd6 19. Qh7+ Kf8 20. Ne4 $18) 14. exd4 Nb6 15. Qd3 g6 16. Rfe1 Qb4 17. Qd2 Nc4
$4 $18 (17... Bg7 18. a3 (18. Ne5 Re8 (18... Be6 19. Nxg6 fxg6 20. Rxe6 Nc4 21.
Qc2 Nxb2 22. Rxg6 Rf7 23. a3 $1 Qxa3 24. Re1 $18) 19. a3 Qd6 (19... Qa5 $2 20.
Nxg6 $1 Rxe1+ 21. Qxe1 Bg4 22. f3 fxg6 23. fxg4 $18) (19... Qf8 20. Ba2 Bxe5
21. dxe5 Be6 22. Bxe6 Rxe6 23. Ne4 Nd5 24. f4 $14) 20. Ne4 Qd8 21. Nc5 (21. Qf4
Be6 22. Nc5 Nd5 23. Qf3 Qc8 $132) 21... Nd5 22. Ba2 Rb8 $132) 18... Qd6 19. Ne4
Qc7 $132 {'~~' Ftacnik.}) 18. Qxh6 Nxb2 (18... Bg7 19. Qh4 Nxb2 20. Ng5 Rd8 21.
Nxf7 $1 $18 {'!' Ftacnik.} (21. Nxf7 $1 {Ftacnik} Rxd4 22. Rxd4 Bxd4 23. Ng5
$18)) 19. Bxg6 $1 {[%mdl 512]} fxg6 (19... Rd8 {Ftacnik} 20. Qh7+ Kf8 21. Qxf7#
) 20. Ng5 $3 {I think, this very strong move was missed by Lautier.} (20. Qxg6+
$2 Bg7 21. Ng5 Bf5 $19) 20... Bxg5 (20... Rf7 {Ftacnik} 21. Re8+ $18) 21. Qxg6+
Kh8 22. Qh5+ $1 Kg7 23. Qxg5+ Kf7 (23... Kh7 {Ftacnik} 24. Re4 $18) 24. Re3 {
'!' Ftacnik.} (24. Re3 Nxd1 25. Qf4+ Kg6 26. Rg3+ $18 (26. Rg3+ {Ftacnik} Bg4
27. Rxg4+ Kh7 28. Qc7+ (28. Qg5 Nxc3 29. Rh4#) 28... Kh6 29. Qg7+ Kh5 30. Qg5#)
) 1-0

[Event "Linklater Memorial"]
[Site "San Francisco"]
[Date "2001.03.01"]
[Round "4"]
[White "Baburin, Alexander"]
[Black "Lakdawala, Cyrus"]
[Result "1-0"]
[WhiteElo "2598"]
[BlackElo "2436"]
[Annotator "Tsesarsky,I"]
[PlyCount "77"]
[EventDate "2001.02.26"]
[EventType "tourn"]
[EventRounds "10"]
[EventCountry "USA"]
[EventCategory "8"]
[SourceTitle "CBM 082"]
[Source "ChessBase"]
[SourceDate "2001.05.17"]
[SourceVersion "1"]
[SourceVersionDate "2001.05.17"]
[SourceQuality "1"]

1. d4 d5 2. c4 c6 3. Nf3 Nf6 4. e3 e6 5. Nbd2 {this modest move doesn't
promise to White any advantage. In other hand, White can't be sure mainline
will bring something...} (5. Nc3 {-mainline}) 5... Nbd7 6. Bd3 b6 7. O-O Bb7 8.
b3 Be7 9. Bb2 O-O 10. Qe2 Qc7 (10... Rc8 11. e4 $1 dxe4 12. Nxe4 c5 13. Rad1
Qc7 14. Rfe1 (14. Neg5 h6 15. Ne4 Nxe4 16. Bxe4 Bxe4 17. Qxe4 Bf6 18. Rd2 $14 {
1-0 Nikolac,J-Perecz,L/Dortmund 1979/MCD (42)}) 14... Nxe4 (14... cxd4 15. Nxd4
a6 16. Nf3 $14 {1/2-1/2 Pert,N-Kelly,B/Birmingham ENG 2001/The Week in Chess
326 (34)}) 15. Bxe4 Bxe4 16. Qxe4 Nf6 17. Qe2 cxd4 18. Rxd4 Rfd8 19. Red1 $14 {
1-0 Saric,A-Videki,S/Bizovac 2000/EXT 2001 (56)}) ({Good reply is immediate} 
10... c5 $5 {against e3-e4+/=} 11. Rfd1 (11. Rad1 Rc8 12. Ne5 dxc4 (12... cxd4
13. exd4 Qc7 (13... Re8 14. f4 dxc4 15. bxc4 Qc7 16. Ndf3 h6 $132 {1-0
Hernandez,R-Sanchez Juncal,B/Mondariz Balneario 1999/EXT 2000 (40)}) 14. f4
Rfd8 15. Kh1 dxc4 (15... Qb8 16. f5 $40 {1-0 Hernandez,R-Guerra,V/Loures 1998/
CBM 67 ext (27)}) 16. bxc4 Qd6 $132) 13. bxc4 cxd4 14. exd4 Qc7 15. f4 Bd6 $132
) 11... Rc8 12. Rac1 {-see detailed comments to the game  1-0 Fominyh,A-Svirin,
O/St Petersburg 1999/CBM 71[Tsesarsky,I] (39)}) 11. Rac1 ({Why not} 11. e4 $14)
11... Rac8 (11... Rad8 12. Ne5 dxc4 13. Ndxc4 c5 14. f4 Qb8 15. Bb1 Ba8 16.
Nxd7 Rxd7 17. dxc5 Bxc5 18. Bxf6 gxf6 19. Qh5 f5 20. Qg5+ {1/2-1/2 Priehoda,
V-Skomorokhin,R/Wattens 1995/EXT 2000 (20)}) (11... Rfe8 12. Rfd1 Rad8 13. Ne5
dxc4 14. Ndxc4 Qb8 15. Qf3 c5 16. Qh3 Nf8 17. dxc5 Bxc5 $132 {1/2-1/2
Kharitonov,A-Galkin,A/Novgorod 1999/CBM 69 ext (22)}) ({Worth of attention also
} 11... c5 $5 $132) 12. Ne5 ({I would prefer} 12. e4 $5 dxe4 13. Nxe4 c5 14.
Rcd1 $14) 12... c5 $5 {At last...} (12... Nxe5 $143 $6 13. dxe5 Nd7 14. f4 dxc4
15. Nxc4 $14) 13. f4 dxc4 14. bxc4 Rcd8 ({Interesting also} 14... Rfd8 15. f5
Nxe5 16. dxe5 Ng4 (16... Qd7 17. exf6 Qxd3 18. Qxd3 Rxd3 19. fxe7 Rxd2 20. Rfd1
Rxd1+ 21. Rxd1 Re8 22. Rd7 Bc6 23. Rd6 Ba4 24. f6 gxf6 25. Bxf6 $16) 17. fxe6
fxe6 18. Qxg4 Rxd3 19. Qxe6+ Kh8 20. Rf2 Bg5 21. Nf1 Rcd8 $44) 15. f5 $6 $15 {
Desire to win at any cost causes for white deterioration of a position.} (15.
Rfd1 $142 Bd6 $132) 15... Bd6 16. Ndf3 $2 {Wrong strategy continuation.} (16.
fxe6 $142 Nxe5 17. dxe5 Bxe5 18. exf7+ Rxf7 19. Bxe5 Qxe5 $15) 16... Rfe8 $2
$132 {Black misses chance to recieve serious advantage.} ({Right was} 16...
Bxf3 $1 17. Nxf3 ({or} 17. Rxf3 Nxe5 18. dxe5 Bxe5 $17) 17... e5 $1 18. dxe5 (
18. Bb1 e4 19. Nd2 Bxh2+ $19) 18... Nxe5 $17 {[%cal Gf8e8]}) 17. fxe6 Rxe6 $5 (
17... fxe6 18. Nxd7 Nxd7 19. Rcd1 $132) 18. Nxd7 Nxd7 (18... Qxd7 19. Bf5 $16)
19. d5 $2 $15 ({Right was} 19. Ng5 $1 Bxh2+ $1 ({Badly is} 19... Rh6 $2 $16 20.
Bxh7+ $1 (20. Nxf7 Rxh2 {[%csl Rg2]} 21. d5 Rh4 22. Nxd8 Bh2+ 23. Kh1 Be5+ 24.
Kg1 Bh2+ $11) 20... Rxh7 (20... Kh8 21. h3 $1 {important move!} (21. Nxf7+ Kxh7
22. Nxh6 Bxh2+ 23. Kh1 Kxh6 $132) 21... Nf6 22. Bc2 cxd4 23. exd4 Re8 24. Qd2
$16) 21. Nxh7 Kxh7 (21... Bxh2+ 22. Kh1 Qg3 (22... Kxh7 23. Qh5+ Kg8 24. Qxf7+
Kh8 25. Qh5+ Kg8 26. Qxh2 $18) 23. d5 Qh4 24. Ng5 Bd6+ 25. Nh3 Qg3 26. Nf4 $16)
22. Qh5+ $16) 20. Kh1 Rh6 21. Nxf7 (21. Bxh7+ Kh8 22. Nxf7+ Kxh7 $132) 21...
Rh4 22. Nxd8 Bg3+ 23. Kg1 Bh2+ 24. Kh1 Bg3+ $11) 19... Re7 ({Pseudo actively is
} 19... Rh6 $2 20. h3 $1 Nf6 21. Qc2 $14 {[%csl Rh6]}) 20. Bxh7+ $2 $17 {
Gives to Black serious advantage again...} (20. e4 $142 Ne5 21. Nxe5 Bxe5 22.
Bxe5 Qxe5 23. Rcd1 Rd6 $15 {[%csl Rd3]}) 20... Kxh7 21. Ng5+ Kg8 22. Qh5 Nf8
23. Rf3 Bxh2+ $2 $132 {Dropping an advantage...} ({Right was} 23... Bc8 $1 $17
{preventing Rh3}) 24. Kh1 $1 (24. Qxh2 Qxh2+ 25. Kxh2 f6 26. Nh3 $15) 24... Rd6
$1 ({Badly is} 24... Bg3 $2 25. Bxg7 $1 Kxg7 26. Rcf1 {[%cal Gf3f7]} Rdd7 27.
Qg4 Ng6 28. Rxg3 Rd6 29. Qh5 (29. Ne4 $2 Bc8 $17 (29... Rd8 $2 30. Rxf7+ $1 $18
)) 29... Bc8 30. e4 $1 {[%cal Ge4e5] threatening e4-e5} (30. Qh7+ $2 Kf8 {
Enough for draw} 31. Qh8+ $5 Nxh8 32. Nh7+ Ke8 33. Rg8+ Kd7 34. Nf8+ Ke8 35.
Ne6+ $11) 30... Kf8 31. Rgf3 $18) 25. Bxg7 Kxg7 26. Rcf1 Bf4 $1 {[%mdl 64]
Both sides demonstrate tactical fantasy!} 27. Rh3 $1 ({Not} 27. Rxf4 $2 Rh6 28.
Rxf7+ Rxf7 29. Rxf7+ Qxf7 30. Qxh6+ Kxh6 31. Nxf7+ Kg6 $19) 27... Ng6 28. Rxf4
$1 (28. exf4 $2 f5 $1 29. Nf3 Kg8 $19) 28... Nxf4 29. exf4 Re1+ 30. Kh2 Kf8 $2
$18 ({A better defence is} 30... Re8 $1 31. Qh7+ $1 (31. Rg3 Rg6 32. Qh7+ Kf6
33. Ne6 $1 Qb8 34. Qh4+ Kf5 35. Qh5+ (35. Rg5+ Rxg5 36. Qxg5+ Ke4 $19) 35...
Kf6 $11 {and Black survives!}) 31... Kf6 (31... Kf8 $145 32. Qh8+ Ke7 33. Re3+
Re6 34. Rxe6+ fxe6 35. d6+ Kxd6 36. Qxe8 Qc8 37. Nf7+ Kc7 38. Qxc8+ Bxc8 39. g4
$16 {(Baburin)}) 32. g4 $145 $1 $18 {(Fritz)} (32. Rh6+ Ke7 33. Qe4+ (33. Qxf7+
Kd8 $19) 33... Kd7 (33... Kd8 34. Rxd6+ $18) 34. Qf5+ Ke7 $11)) 31. Qh8+ Ke7
32. Qh4 Re2 (32... Kd7 33. Qxe1 Rf6 34. g3 $18) 33. Ne6+ $1 Kd7 34. Nxc7 Kxc7
35. Qh5 Re7 36. f5 b5 37. Qh4 Red7 (37... f6 38. Qf2 $18) 38. Qf2 Kb6 39. Rb3 (
39. Rb3 a6 40. Kg3 Re7 41. a4 $18) 1-0

[Event "Petrov Memorial op"]
[Site "St Petersburg"]
[Date "2000.02.08"]
[Round "2"]
[White "Iljushin, Alexei"]
[Black "Nikitin, Andrey"]
[Result "1/2-1/2"]
[WhiteElo "2515"]
[BlackElo "2400"]
[Annotator "Tsesarsky,I"]
[PlyCount "150"]
[EventDate "2000.02.05"]
[EventType "swiss"]
[EventRounds "9"]
[EventCountry "RUS"]
[SourceTitle "CBM 076"]
[Source "ChessBase"]
[SourceDate "2000.05.31"]
[SourceVersion "1"]
[SourceVersionDate "2000.05.31"]
[SourceQuality "1"]

1. d4 d5 2. c4 e6 3. Nf3 Nf6 4. Qc2 $6 Be7 $6 {Nonflexible move.} (4... dxc4 $1
5. Qxc4 a6 {[%cal Gb7b5,Gb8d7,Gc7c5]} 6. g3 (6. Nc3 {[%cal Ge2e4]} b5 7. Qd3
Bb7 8. e4 c5 $11) 6... b5 7. Qc2 Bb7 8. Bg2 Nbd7 $11) (4... a6 $5) 5. g3 (5.
cxd5 exd5 6. Bf4 c6 7. h3 Na6 8. a3 Nc7 9. e3 Ne6 10. Bh2 O-O 11. Nbd2 (11. Nc3
$14 {[%cal Gf1d3]}) 11... g6 12. Rb1 Ng7 13. Bd3 Bf5 $11 {1-0 Ortega,
A-Radomskyj,P/US Amateur Team East, Parsippany USA 1998 (45)}) 5... Nbd7 6. Bg2
c6 $6 $14 (6... dxc4 $5 7. Qxc4 a6 8. Qc2 c5 $11) 7. Nbd2 b6 8. e4 O-O 9. e5 {
White was lucky to promote e4-e5 instead of 0-0, and White position is better}
({After} 9. O-O {it is wellknown theoretical position}) 9... Ne8 10. h4 (10.
O-O c5 (10... Bb7 11. h4 $14) 11. cxd5 exd5 12. Nb3 Ba6 13. Rd1 $14) 10... h6
11. O-O Bb7 12. cxd5 cxd5 13. Re1 Rc8 14. Qa4 $6 {Not necessary move.} a5 15.
Nf1 (15. Bf1 Bc6 16. Qd1 $14 {()}) 15... Ba6 16. Qd1 Nb8 17. Ne3 Bb4 18. Bd2
Nc6 19. a3 Bxd2 20. Qxd2 {[%cal Ge3g4]} f5 21. Rac1 {[%csl Re8] White didn't
open position, space advantage remain, Ne8 placed quite bad} (21. exf6 Nxf6 22.
Rac1 (22. b4 Ne4 23. Qb2 axb4 24. axb4 Bb5 $11) 22... Ne4 23. Qd1 $14) 21...
Rf7 (21... f4 22. gxf4 Rxf4 23. Nxd5 Rxf3 24. Bxf3 exd5 25. Qf4 (25. Bg4 Rc7
26. Be6+ Kh7 27. Rc3 Bc8 $132) 25... Rc7 26. Rc3 Bc8 27. Bh5 $14) 22. Rc3 Rfc7
23. h5 (23. Rec1 Ne7 $14) 23... Ne7 24. Rxc7 Nxc7 25. Nh4 Qe8 26. Bf3 Qb5 27.
Rd1 (27. Neg2 Qd3 28. Qxd3 Bxd3 29. Nf4 Be4 30. Bd1 Nc6 31. Nhg6 Kf7 32. f3 Bb1
33. Ba4 b5 34. Rxb1 bxa4 35. Ne2 $14) 27... Qb3 28. Nhg2 Nc6 29. Nf4 Nd8 $6 $16
(29... Bc4 30. Rc1 b5 $14) 30. Kg2 (30. Ng6 $1 $16 Kh7 (30... Kf7 31. Rc1 Bb7 (
31... Ne8 32. Rxc8 Bxc8 33. Bd1 Qb5 34. g4 $1 $16) 32. g4 $1 (32. Bd1 Qb5 33.
g4 fxg4 34. Nc4 $3 dxc4 35. Qf4+ $18) 32... fxg4 33. Bd1 $18) 31. Rc1 Nb5 32.
Nf8+ Kh8 (32... Kg8 33. Nxe6 $1 $18) 33. Rxc8 Bxc8 34. Bd1 Qa2 35. Ng6+ (35. a4
$2 Na3 36. Ng6+ Kh7 37. Qc3 Nc4 38. b3 Nxe3 39. fxe3 Qb1 $11) 35... Kh7 36. Qc2
Ba6 37. Nxf5 Qc4 (37... exf5 38. Qxf5 $18) 38. Qxc4 dxc4 39. a4 exf5 40. axb5
Bxb5 41. d5 $18) 30... Nf7 $5 31. Rc1 (31. Nxe6 $5 Nxe6 32. Bxd5 Qxd5+ 33. Nxd5
Bb7 34. f3 Bxd5 35. Rc1 Rd8 $1 $44 (35... Rxc1 $2 36. Qxc1 Nfg5 37. Qc8+ Kh7
38. Kf2 Bxf3 39. Ke3 Bxh5 40. d5 $18)) 31... Ng5 32. Bd1 (32. Ng6 Nxf3 33. Kxf3
Kf7 34. Kg2 $14) 32... Qa2 $4 $18 (32... Qb5 $14) 33. Rc6 Nb5 (33... Na8 34.
Qc1 $18) 34. Rxc8+ $4 $11 (34. Rxb6 Ne4 35. Qxa5 Qxb2 36. Be2 $18) 34... Bxc8
35. a4 Na3 36. Qc3 (36. Qc1 Nc4 37. b3 Nxe3+ 38. Qxe3 Qb1 39. Qd3 Qxd3 40. Nxd3
Ba6 41. Nf4 Kf7 42. f3 $11) 36... Nc4 37. Bb3 $2 $17 {Maybe Zeitnot is a
reason ot too many mistakes?} (37. b3 Ne4 38. Qc2 Nxe3+ 39. fxe3 Qxc2+ 40. Bxc2
Ng5 $11) 37... Qxb2 38. Qxb2 Nxb2 39. Ng6 Bd7 40. f4 Nf7 41. g4 Bxa4 (41...
fxg4 42. f5 Ng5 (42... Bxa4 43. Bxa4 Nxa4 44. fxe6 Nxe5 45. dxe5 Nc5 46. e7 Kf7
47. Nf5 $18) 43. fxe6 Nxe6 44. Bxd5 Nxa4 45. Bxe6+ Bxe6 46. d5 Bf7 47. e6 Bxg6
48. hxg6 Kf8 49. d6 $18) 42. Bxa4 Nxa4 43. gxf5 Nd8 $1 (43... exf5 44. Ne7+ (
44. Nxd5 Nd8 45. Nde7+ Kf7 46. d5 (46. Nxf5 Nc3 47. Nd6+ Ke6 48. f5+ Kd5 49.
Ne8 Kxd4 50. Nxg7 Nd5 51. e6 a4 52. e7 Nxe7 53. Nxe7 a3 $19) 46... Nc3 47. e6+
Nxe6 48. dxe6+ Kxe6 49. Nc6 a4 $17) 44... Kf8 45. N3xd5 b5 46. Ng6+ Ke8 (46...
Kg8 47. Nde7+ Kh7 48. d5 Nb6 49. Nf8+ Kh8 50. d6 a4 51. Nfg6+ Kh7 52. Nxf5 Nd8
(52... a3 53. e6 Nxd6 54. Nxd6 a2 55. e7 a1=Q 56. e8=Q $18) 53. Nf8+ Kg8 54. e6
Nxe6 55. Nxe6 a3 56. Nc5 a2 57. Nb3 Kf7 58. Kf3 $16) 47. Nc7+ $16) 44. fxe6
Nxe6 45. Nc2 (45. Nxd5 Nxd4 46. Kf2 Kf7 47. Ke3 Nf5+ 48. Ke4 Ng3+ 49. Kf3 Ke6
50. Ne3 (50. Nxb6 Nxb6 51. Kxg3 a4 52. Kg4 a3 53. f5+ Kf7 $19) 50... Nf5 (50...
Nxh5 51. f5+ Kd7 52. Nd5 (52. Kg4 Nf6+ 53. exf6 gxf6 54. Nd5 Kd6 55. Nxf6 Nc5
56. Kf4 a4 57. Ne5 b5 $132) 52... Kc6 53. Nde7+ Kc5 54. Kg4 $16) 51. Nf8+ Kf7
52. Nxf5 Kxf8 $17) 45... Nc3 46. f5 Nc7 47. e6 (47. Kf3 b5 $17) 47... b5 48.
Ne7+ Kf8 49. Nc6 Ne4 (49... a4 50. Kf3 Ne8 $17) 50. Kf3 $6 $19 (50. Nxa5 Nf6
51. Kf3 Nxh5 52. Nc6 Nf6 $17) 50... Nd2+ 51. Kf4 Nc4 52. Ne3 Nxe3 (52... a4 $19
) 53. Kxe3 a4 54. Kf4 a3 55. Nb4 Na6 56. Na2 b4 57. Nc1 Ke7 58. Ke5 Nc7 59. Nb3
a2 60. Na1 Ne8 61. Kxd5 Nd6 62. Kc5 Nxf5 63. d5 g5 (63... Kf6 $5 64. Kxb4 Ng3
65. Kc5 Nxh5 66. Kd6 g5 $19) 64. hxg6 h5 65. Nb3 h4 66. Kc6 a1=Q $1 (66... Nd4+
67. Nxd4 a1=Q 68. d6+ Kf6 (68... Kd8 69. g7 Qa6+ 70. Kd5 $11) 69. e7 Qa8+ 70.
Kd7 Qa7+ 71. Kc6 (71. Kd8 Qxd4 72. e8=Q Qxd6+ 73. Kc8 Qe6+ $19) 71... Qxe7 72.
dxe7 Kxe7 73. Nf5+ Kf6 74. Nxh4 b3 75. Nf3 b2 76. Nd2 $11) (66... h3 67. d6+
Nxd6 68. g7 h2 69. g8=Q h1=Q+ 70. Kc5 a1=Q 71. Nxa1 Qc1+ 72. Kxb4 Qxa1 (72...
Qc4+ 73. Ka3 Nb5+ 74. Kb2 Qc3+ 75. Kb1 $11) 73. Qh7+ Kxe6 74. Qh3+ $11) 67.
Nxa1 Nd4+ (67... h3 $1 68. d6+ {[%tqu "En","?","","","e7d8","",10,"f5d6","",0]}
Kd8 $1 (68... Nxd6 $2 69. g7 h2 70. g8=Q h1=Q+ 71. Kc5 Qc1+ 72. Kxb4 Qxa1 $11)
69. e7+ (69. g7 Nxg7 70. e7+ Ke8 71. Kc7 Ne6+ $19) 69... Nxe7+ 70. dxe7+ Kxe7
$19) 68. Kc5 Nxe6+ 69. dxe6 Kxe6 70. Nb3 h3 71. Nd4+ Kf6 72. g7 Kxg7 $4 $11 {
[%mdl 8192] Black give to White very expensive tempo...} (72... Kf7 $1 $19) 73.
Kxb4 h2 74. Nf5+ {[%csl Rg7]} Kf6 75. Ng3 Ke5 1/2-1/2

[Event "Dubai op"]
[Site "Dubai"]
[Date "2000.04.29"]
[Round "2"]
[White "Sakaev, Konstantin"]
[Black "Guseinov, Aidyn"]
[Result "1-0"]
[WhiteElo "2625"]
[BlackElo "2490"]
[Annotator "Tsesarsky,I"]
[PlyCount "77"]
[EventDate "2000.04.28"]
[EventType "swiss"]
[EventRounds "9"]
[EventCountry "UAE"]
[SourceTitle "CBM 077"]
[Source "ChessBase"]
[SourceDate "2000.07.27"]
[SourceVersion "1"]
[SourceVersionDate "2000.07.27"]
[SourceQuality "1"]

1. d4 d5 2. c4 e6 3. Nf3 c5 4. cxd5 exd5 5. g3 Nc6 6. Bg2 c4 7. O-O Bb4 8. b3
cxb3 9. Qxb3 Nge7 $14 {In this variation it is difficult for Black to equalize.
} 10. Bd2 {Another continuations also promise to White a little advantage:} (
10. Ba3 Qa5 (10... a5 11. Nc3 O-O 12. Rfc1 Bf5 13. e3 a4 14. Qb2 Qa5 15. Nh4
$16 {1-0 Akesson,Ralf-Holm Petersen,Sejer/Politiken Cup (1) ;EXT 2000 1980 (42)
} (15. Ne1 Rfd8 16. Bf1 Bxa3 17. Qxa3 $14 {Petrosian,Tigran V-Mikenas,Vladas/
Vilnius (5) ;MCD 1978/1/2-1/2 (75)})) (10... Bxa3 11. Nxa3 (11. Qxa3 O-O 12.
Nc3 Bf5 (12... Be6 13. Rfd1 $14 {Tukmakov,Vladimir B-Kholmov,Ratmir D/URS-ch38
Riga (10) ;URS-ch 1970/1-0 (53)}) (12... Rb8 13. Rac1 Be6 14. Ne5 Nxd4 15. Qxa7
Nec6 16. Nxc6 Nxc6 17. Qc5 $14 {1-0 Ginting,Nasib-Arencibia,Walter/Novi Sad ol
(Men) (4) ;TD 1990 (42)}) (12... Bg4 13. e3 Qd7 14. Rfc1 $14 {Khurtsidze,
Nino-Zhukova,Natalia/Kishinev Interzonal (Women) (4) ;EXT 97 1995/1-0 (59)})
13. Nh4 (13. Rfd1 Qa5 (13... Na5 14. Ne5 b6 15. Rac1 f6 16. Nd3 Bxd3 17. Rxd3
Rc8 18. Rdd1 Qd7 19. e3 $14 {1-0 Itkis,Boris-Stamenkovic,Zoran/JUG-chT Cetinje
;TD 1993 (37)}) 14. Qxa5 Nxa5 15. Rac1 Rfd8 16. Ne5 Rac8 17. g4 Be6 18. h3 g5
19. e3 $14 {1/2-1/2 Antoshin,Vladimir S-Mikenas,Vladas/URS-ch38 Riga (11) ;
URS-ch 1970 (22)}) 13... Be6 14. Rab1 b6 15. Rfd1 Na5 $132 {1-0 Kortschnoj,
Viktor-Mikenas,Vladas/URS-ch38 Riga (3) ;URS-ch 1970 (38)}) 11... O-O 12. e3
Rb8 13. Rfc1 Bf5 14. Ne5 Na5 15. Qd1 f6 16. Nd3 b6 17. Nb5 $14 {Skembris,
Spyridon-Kern,Guido/Dortmund op-A (1) ;TD 1992/1-0 (50)}) 11. Bxb4 Qxb4 12.
Qxb4 Nxb4 13. Nc3 O-O (13... Nbc6 14. Rfd1 Be6 15. Rab1 $14 {1-0 Konstantinov,
Sergey-Verdihanov,Vladislav/Russian Winter op ;TD 1991 (26)}) 14. Rab1 Nbc6 15.
e3 (15. Rfc1 Rb8 16. e3 $14 {1-0 Zlotnik,Boris A-Pacorro,Fra/Ceuta (8) ;TD
1992 (25)}) 15... b6 16. Ne5 Nxe5 17. dxe5 Bb7 18. Rfd1 Rfd8 19. Nb5 $14 {
1-0 Trifunovic,Petar-Letelier,Rene/Mar del Plata (3) ;MCD 1952 (40)}) (10. Ne5
$5 Qb6 11. e3 $5 (11. Nd3 $5 Bd6 (11... Bg4 12. Nxb4 Qxb4 13. Qxb4 Nxb4 14. Nc3
Nc2 15. Rb1 Nxd4 16. Rxb7 $16) 12. Qxb6 axb6 13. e3 $14) 11... Nxe5 12. dxe5
Be6 13. Bd2 a5 14. Bc3 O-O 15. Bd4 a4 16. Qb2 Qa5 17. a3 Bc5 18. Bxc5 Qxc5 19.
Rc1 $16 {0-1 Ibragimov,Ildar-Rychagov,Andrei/Moscow-ch (4) ;CBM 55 ext 1996 
(29)}) (10. Nc3 O-O 11. Bg5 (11. Bf4 Be6 12. Rfd1 (12. a3 Bxc3 13. Qxc3 $14 {
1-0 Schoof,Martin-Gabriel,Robert/Oberliga Wuert9697 ;EXT 99 1996 (39)}) 12...
Rc8 13. Nb5 Qb6 14. Nd6 Rcd8 15. Nxb7 Qxb7 16. a3 a5 17. axb4 axb4 $14 {
0-1 Dokuchaev,Aleksander-Zhukova,Natalia/St Petersburg op2 (2) ;CBM 43 ext
1994 (36)}) 11... Bxc3 (11... Qa5 12. Rfc1 Ba3 13. Rd1 Be6 14. Bd2 Qb4 15. Nb5
Qxb3 16. axb3 Bb2 17. Ra2 $18 {1-0 Komarov,Dimitri-Stamenkovic,Zoran/Belgrade
Trako (2) ;CBM 47 ext 1995 (41)}) 12. Qxc3 f6 13. Bf4 Be6 14. Rab1 $14 {
Bjerke,Richard-Hansen,Lars Henrik Bech/Copenhagen op (5) ;EXT 2000 1989/1/2-1/
2 (47)}) 10... Bxd2 (10... a5 11. Bxb4 axb4 12. a3 $5 (12. Nbd2 Qa5 13. e3 O-O
14. Rfc1 Bf5 15. Nh4 Be6 16. Bf1 Rfc8 17. Ng2 $14 {Bagirov,Vladimir-Mikenas,
Vladas/URS-ch38 Riga (15) ;URS-ch 1970/0-1 (82)}) 12... Qb6 13. e3 Ra5 14. Nbd2
Qa7 15. Ra2 bxa3 16. Rfa1 O-O 17. Rxa3 $16 {1-0 Piza Cortizo,Daniel-Rodriguez
Vargas,Orestes/Sevilla op ;EXT 97 1990 (31)}) 11. Nbxd2 O-O 12. Rfc1 (12. e3
Qd6 13. Rfc1 $14 (13. e4 $2 $132 {0-1 Timoshenko,Igor-Zhukova,Natalia/UKR-chT
Alushta (1) ;CBM 70 ext 1999 (45)})) 12... b6 (12... Qd6) 13. Qa3 {[%cal Ga3e7]
} Bf5 14. e3 Qb8 $4 $18 (14... Qd7 15. Rc3 Rac8 16. Rac1 Bh3 17. Bh1 $14) (
14... Rc8 15. Rc3 Na5 16. Rxc8 Nxc8 17. Rc1 Re8 18. Ne5 $14) 15. Ne5 $1 Nxe5 $8
16. Qxe7 $1 Nd3 $6 ({More chances would give} 16... Ng6 17. Qg5 Be6 18. Bxd5
$18) (16... Ng4 17. Bxd5 $18) 17. Rc3 a5 18. Bxd5 (18. Qg5 Bg6 (18... Rc8 19.
Rxc8+ Qxc8 20. Bxd5 $18) 19. Qxd5 Ra7 20. Qb5 $18) 18... Ra7 19. Qg5 Bg6 20.
Be4 Nb4 (20... Bxe4 21. Nxe4 $18) 21. a3 Na6 {White's position is winning.} 22.
Bxg6 hxg6 23. Rb1 Rb7 24. Qb5 (24. Nc4 Rc8 25. Qb5 Qa7 26. Rcb3 $18) 24... Nc7
25. Qc6 Rd8 26. Rcb3 (26. Rc5 $18) 26... Nd5 (26... b5 27. Nc4 $18) 27. Qb5 (
27. Nc4 $18) 27... Qc8 28. R1b2 (28. Nc4 $18) 28... Rc7 29. Kg2 Rc6 (29... Nc3
30. Qf1 (30. Qxb6 a4 31. Rb4 Nd5 $44 {[%csl Rb4,Rb6]}) (30. Qd3 $2 Na4 $15 {
[%cal Ga4c5]}) 30... b5 (30... Na4 31. Rb1 Nc3 32. Rc1 b5 33. Qd3 $18) 31. Rc2
a4 32. Rbb2 Qb7+ (32... Qf5 33. Nb1 Qe4+ 34. Kg1 Nd5 (34... Rdc8 35. Nxc3 Rxc3
36. Rxc3 Rxc3 37. Rxb5 $18) 35. Rxc7 Nxc7 36. Nc3 $18) 33. Kg1 $18) 30. Nf3 Rc1
31. Qd3 a4 32. Rb5 Rc3 33. Qe4 Qc6 {Black essentially improved pieces
locations.} (33... Qa8 34. Qh4 Rxa3 35. e4 Nc3 (35... Nf6 36. Ng5 Rd3 37. Rxb6
Nh5 (37... R3xd4 38. Rxf6 $18) 38. d5 a3 39. Ra2 $18) 36. Ng5 Nxb5 37. Qh7+ Kf8
38. Rxb5 $18) 34. Ng5 $2 $16 (34. Qh4 Qa8 35. e4 Nf6 36. Ng5 Rxd4 (36... Rxa3
37. Rxb6 Nh5 38. Rb7 $18) 37. Rxb6 $18) 34... Rd6 $2 $18 (34... Qa8 $5 35. h3
$1 (35. Qf3 {[%cal Ge3e4]} f6 36. Ne4 Rxa3 $44) ({And White can't play} 35. Qh4
$4 Nxe3+ $19) 35... Rd6 $1 (35... Rxa3 36. Kh2 {[%cal Ge4h4]} Rc3 37. Qh4 Nf6
38. Rxb6 $18) 36. Qf3 f5 $16) 35. Rc5 $1 Rxc5 (35... bxc5 36. Rb8+) 36. dxc5 f5
(36... Qxc5 37. Qe8#) (36... bxc5 37. Rb8+) 37. Qc4 Kf8 38. e4 fxe4 39. Rxb6
1-0